El diario de satanás / (Registro nro. 30414)

Detalles MARC
000 -LEADER
fixed length control field 00305nam a22001337a 4500
003 - CONTROL NUMBER IDENTIFIER
control field OSt
005 - DATE AND TIME OF LATEST TRANSACTION
control field 20231128152318.0
008 - FIXED-LENGTH DATA ELEMENTS--GENERAL INFORMATION
fixed length control field 231128b |||||||| |||| 00| 0 eng d
040 ## - CATALOGING SOURCE
Transcribing agency CO-JMCR
082 ## - DEWEY DECIMAL CLASSIFICATION NUMBER
Classification number ANDd
100 ## - MAIN ENTRY--PERSONAL NAME
Personal name Andréiev, Leonid,
9 (RLIN) 42780
245 ## - TITLE STATEMENT
Title El diario de satanás /
942 ## - ADDED ENTRY ELEMENTS (KOHA)
Source of classification or shelving scheme Dewey Decimal Classification
Koha item type Books
Existencias
Withdrawn status Lost status Source of classification or shelving scheme Damaged status Not for loan Home library Current library Date acquired Total Checkouts Total Renewals Full call number Barcode Date last seen Date last checked out Price effective from Koha item type Public note
    Dewey Decimal Classification     Biblioteca Pública José María del Castillo y Rada Biblioteca Pública José María del Castillo y Rada 11/28/2023 2 1 ANDd 35714005487671 02/26/2024 02/02/2024 11/28/2023 Books Material interbibliotecario Biblored